[Event "Johor op-B 7th"]
[Site "Johor"]
[Date "2022.12.26"]
[Round "1"]
[White "Leong, Jyuin Pang Alexx Xa"]
[Black "Tin, Shan Wen"]
[Result "0-1"]
[WhiteElo "1155"]
[BlackElo "1907"]
[PlyCount "94"]
[EventDate "2022.12.26"]
[EventType "swiss"]
[EventRounds "9"]
[EventCountry "MAS"]
[SourceTitle "EXT 2024"]
[Source "ChessBase"]
[SourceDate "2023.10.10"]
[SourceVersion "1"]
[SourceVersionDate "2023.10.10"]
[SourceQuality "1"]

1. e4 c5 2. Nf3 Nc6 3. c3 Nf6 4. e5 Nd5 5. d4 cxd4 6. cxd4 d6 7. Nc3 dxe5 8. dxe5 Nxc3 9. Qxd8+ Nxd8 10. bxc3 Nc6 11. Bf4 Bf5 12. Nd4 Bd7 13. Bb5 Rc8 14. Rb1 Nxd4 15. Bxd7+ Kxd7 16. cxd4 b6 17. 0-0 e6 18. Be3 Be7 19. Rfd1 Kc6 20. a4 Rhd8 21. Rb5 Rc7 22. Rdb1 Rcd7 23. a5 Bc5 24. g3 Bxd4 25. Bxd4 Rxd4 26. Kg2 R4d5 27. Rxd5 Rxd5 28. axb6 axb6 29. f4 b5 30. Kf3 Rd7 31. Ke3 Kc5 32. Rc1+ Kb6 33. Rb1 Rb7 34. Kd3 Kc5 35. Rc1+ Kb4 36. Rb1+ Ka3 37. Kc3 b4+ 38. Kd2 b3 39. Ra1+ Kb2 40. Ra6 Kb1 41. Kc3 b2 42. Kd2 Rd7+ 43. Rd6 Ra7 44. Rb6 Ka1 45. Kc2 Rc7+ 46. Kd1 b1Q+ 47. Rxb1+ Kxb1 0-1